Sociologie de l'école (notice n° 1568701)
[ vue normale ]
| 000 -LEADER | |
|---|---|
| fixed length control field | 01746cam a2200157 4500500 |
| 005 - DATE AND TIME OF LATEST TRANSACTION | |
| control field | 20251214005204.0 |
| 041 ## - LANGUAGE CODE | |
| Language code of text/sound track or separate title | fre |
| 042 ## - AUTHENTICATION CODE | |
| Authentication code | dc |
| 100 10 - MAIN ENTRY--PERSONAL NAME | |
| Personal name | Duru-Bellat, Marie |
| Relator term | author |
| 245 00 - TITLE STATEMENT | |
| Title | Sociologie de l'école |
| 260 ## - PUBLICATION, DISTRIBUTION, ETC. | |
| Name of publisher, distributor, etc. | Armand Colin,<br/> |
| Date of publication, distribution, etc. | 2022.<br/> |
| 520 ## - SUMMARY, ETC. | |
| Summary, etc. | Cette 6e édition, totalement réactualisée, d’un manuel devenu « la » référence sur le monde de l’école, des élèves et des enseignants, explore le domaine de manière systématique et objective, et sous des aspects divers : place de l’école dans la société (politiques scolaires, inégalités de carrière, enjeux de la réussite scolaire, évolution des analyses théoriques), mais aussi acteurs et pratiques (profession enseignante, programmes, pratiques éducatives des familles, métiers d’élève). L’ouvrage propose ainsi de nombreux éléments sur les effets des politiques éducatives, la construction et les effets de ségrégation scolaire, ou encore les changements introduits par le renouvellement des enseignants et des élèves eux-mêmes. Les auteurs rendent compte de la profusion et de la diversité des recherches conduites ces dernières années dans ce champ qui demeure l’un des plus riches de la sociologie, en prise directe avec l’actualité et les préoccupations des familles, des enseignants et des élèves. Ce manuel exhaustif intéressera les étudiants en sciences sociales, en sciences de l’éducation, les enseignants, les responsables des politiques éducatives et des associations de parents d’élèves. |
| 700 10 - ADDED ENTRY--PERSONAL NAME | |
| Personal name | Farges, Géraldine |
| Relator term | author |
| 700 10 - ADDED ENTRY--PERSONAL NAME | |
| Personal name | van Zanten, Agnès |
| Relator term | author |
| 856 41 - ELECTRONIC LOCATION AND ACCESS | |
| Uniform Resource Identifier | <a href="https://shs.cairn.info/sociologie-de-l-ecole--9782200630577?lang=fr&redirect-ssocas=7080">https://shs.cairn.info/sociologie-de-l-ecole--9782200630577?lang=fr&redirect-ssocas=7080</a> |
Pas d'exemplaire disponible.




Réseaux sociaux